Hungarian Political Parties - Statistics

General Stats
  • This quiz has been taken 160 times
    13 since last reset
  • The average score is 4 of 5
Answer Stats
Ideology Position Seat Answer % Correct
ConservatismPopulism Pro-Europeanism Centre to centre right 148 TISZA – Respect and Freedom
100%
National conservatismRight-wing populism Right wing to far right 54 Fidesz - Hungarian Civic Alliance
92%
ProgressivismEuropean federalism Centre left 2 Democratic Coalition
75%
Christian democracySocial conservatism Right wing 9 Christian Democratic People's
67%
National conservatism,Hungarian irredentism Neo-fascism Far right 7 Our Homeland Movement
17%
No matching quizzes found
Score Distribution
Percent of People with Each Score
Percentile by Number Answered
Your Score History
You have not taken this quiz since the last reset